| 000 | 01002nam a22002657a 4500 | ||
|---|---|---|---|
| 005 | 20090630113217.0 | ||
| 008 | 090313t xxu||||| |||| 00| 0 eng d | ||
| 010 | _aENG-94297 | ||
| 020 |
_c325.00 _a9788120337640 |
||
| 035 | _aEN-77830 | ||
| 037 | _bDBAD / PUB | ||
| 040 |
_adpl _bEnglish |
||
| 082 | _a005.44 | ||
| 100 | _aStanek, William | ||
| 245 |
_aActive directory: _cby William Stanek _badministrator's pocket consultant / |
||
| 260 |
_aNew Delhi _bPHI Learning _c2009 |
||
| 270 |
_aM-97 Connaught Circus _bNew Delhi _e110001 |
||
| 300 |
_axviii, 333p. _c22cm(pbk) |
||
| 500 | _aIncludes index | ||
| 650 | _aMicrosoft windows (Computer file) | ||
| 650 | _aOperating system (Computers) | ||
| 650 | _aDirectory services (Computer network technology) | ||
| 942 |
_2ddc _cEN _mNAI _h005.44 |
||
| 999 |
_c27978 _d27978 |
||